Normal view
MARC view
Entry Topical Term
001 - CONTROL NUMBER
- control field: 28823
003 - CONTROL NUMBER IDENTIFIER
- control field: ARRUPE
005 - DATE AND TIME OF LATEST TRANSACTION
- control field: 20170214120542.0
008 - FIXED-LENGTH DATA ELEMENTS
- fixed length control field: 170214|| aca||aabn | a|a d
040 ## - CATALOGING SOURCE
- Original cataloging agency: ARRUPE
- Transcribing agency: ARRUPE
150 ## - HEADING--TOPICAL TERM
- Topical term or geographic name as entry element: Chiefdoms
- Geographic subdivision: Zimbabwe.
670 ## - SOURCE DATA FOUND
- Source citation: Work cat.: (ARRUPE)0: Mararike, C. G. (Claude G.) 23438, The role of madzishe in nation building /, 2003.